005020000a2200085000450024500420000030000540004250000150009652002560011177300490036710aFormar para una cultura internacional aVol.0, núm.2 ( Mayo-Junio,2004) Páginas 16-17 aEntrevista aSalvador Malo, director general del Centro Nacional de Evaluación para la Educación Superior, Ceneval, de México, visitó a Colombia a mediados de mayo. Por su experiencia, es una voz autorizada para hablar de internacionalización y calidad.0 tEducación superior : Boletín informativo